00455nam a2200193 a 4500001001300000003000900013005001700022008004100039020001000080082001800090100001900108245001600127260002300143300000800166500003500174505001500209650001800224700001900242nice12345678IN_TiNIC20260116012615.0050524s0000 lona grp 000 0 eng  ac10000a912.0933bPHI aPhilip, George aBible Atlas aLondonbSpckc0000 a16p aincludes index and biblioraphy2 aAppendices aAtlases-Bible1 aPhilip, George